Turzovka. : 40 rokov milosti. /
Uložené v:
| Ďalší autori: | |
|---|---|
| Médium: | Kniha |
| Jazyk: | Slovak |
| Vydané: |
Bratislava :
Živá voda Turzovky, združenie,
1999
|
| Vydanie: | 1. vyd. |
| Témy: | |
| ISBN: |
8096819062 (brož.) |
| Fyzický popis: |
195 s. : obr. príl. |
| Tagy: |
Pridať tag
Žiadne tagy, Buďte prvý kto otaguje tento záznam!
|
Titul je dostupný aj v ... 

MARC
| LEADER | 00000nam a2200000 a 4500 | ||
|---|---|---|---|
| 001 | 000062821 | ||
| 003 | SVKK | ||
| 005 | 19991213000000.0 | ||
| 008 | 991028s1999 xo e sloo | ||
| 020 | |a 8096819062 (brož.) | ||
| 040 | |a SVKKK |b slo |c SVKKK |e AACR2 | ||
| 041 | 0 | |a slo | |
| 044 | |a xo |c SK | ||
| 080 | |a 232.931:231.74(437.6) |2 1997 | ||
| 080 | |a 231.74:232.931(437.6) |2 1997 | ||
| 080 | |a 726.95(437.6) |2 1997 | ||
| 245 | 0 | 0 | |a Turzovka. : |b 40 rokov milosti. / |c Zost. Elena Šubjaková |
| 250 | |a 1. vyd. | ||
| 260 | |a Bratislava : |b Živá voda Turzovky, združenie, |c 1999 | ||
| 300 | |a 195 s. : |b obr. príl. | ||
| 653 | 0 | |a Panna Mária |2 SVKKKPH | |
| 653 | 0 | |a miesta pútnické |2 SVKKKPH | |
| 653 | 0 | |a zjavenia |2 SVKKKPH | |
| 653 | 0 | |a Turzovka (Slovensko) |2 SVKKKPH | |
| 655 | 7 | |a monografie |2 SVKKKPH | |
| 700 | 1 | |a Šubjaková, Elena |4 com | |
| 910 | |a svkkk | ||
| 919 | |a 80-968190-6-2 | ||
| 974 | |a UH |d 19991126 | ||
| 974 | |a KL |d 19991112 | ||
| 974 | |a MI |d 19991213 | ||
| 998 | |a BK | ||
| 090 | |g SCKHL |k Sklad Pribinova prízemie |a IV.181488 |j 928793 |i 62821-10 |s Absenčne | ||